Столицы Европы, оканчивающиеся на ''Н" - Statistics

General Stats
  • This quiz has been taken 7 639 times
  • The average score is 5 of 8
Answer Stats
Столица % Correct
Берлин
86%
Лондон
74%
Лиссабон
71%
Таллин
61%
Копенгаген
56%
Дублин
54%
Берн
53%
Ватикан
48%
No matching quizzes found
Score Distribution
Percent of People with Each Score
Percentile by Number Answered
Your Score History
You have not taken this quiz